| 000 | 00718nam a2200229 i 4500 | ||
|---|---|---|---|
| 001 | 57336 | ||
| 003 | ES-MaACL | ||
| 005 | 20230906163546.0 | ||
| 007 | t| | ||
| 008 | 031016m19471950it af d ||||1| ita d | ||
| 080 | _a016:82.09 | ||
| 080 | _a929:82 | ||
| 080 | _a82.09(038) | ||
| 245 | 0 | 0 | _aDizionario letterario Bompiani delle opere o dei personaggi di tutti i tempi e di tutte le letterature. |
| 260 |
_aMilano : _bValentino Bompiani, _c1947-50. |
||
| 300 |
_a9 v., 1244 lám. : _bil. ; _c22 cm. |
||
| 594 | _aValentino Bompiani. | ||
| 650 | 0 | 4 |
_aLiteratura- _vDiccionarios. _914484 |
| 650 | 0 | 4 |
_aLiteratura- _xBiobibliografĂas. _914482 |
| 700 | 1 |
_aBompiani, Valentino. _930037 |
|
| 852 |
_aES-MaACL _jD-5329-37 |
||
| 999 |
_c57336 _d57336 |
||